Normal view
MARC view
- Crawford, Joseph,
Entry Personal Name
001 - CONTROL NUMBER
- control field: 39420
003 - CONTROL NUMBER IDENTIFIER
- control field: OSt
005 - DATE AND TIME OF LATEST TRANSACTION
- control field: 20160223132040.0
008 - FIXED-LENGTH DATA ELEMENTS
- fixed length control field: 160223|| aca||aabn | a|a d
040 ## - CATALOGING SOURCE
- Original cataloging agency: OSt
100 1# - HEADING--PERSONAL NAME
- Personal name: Crawford, Joseph,
- Dates associated with a name: 1982-